000 00612nam a2200181Ia 4500
003 LDD
008 190117s9999 xx 000 0 und d
020 _c₹40
040 _cLDD
041 _ahi
082 _a8H3.7 या 4668 रा-6
100 _aयादव, राजेन्द्र
245 0 _aराजेन्द्र यादव की श्रेष्ठ कहानियाँ
_cराजेन्द्र यादव
250 _aछटा सं.
260 _aनई दिल्ली
_bअक्षर प्रकाशन
_c1985
300 _a127पृ.
942 _2ddc
_cH
999 _c167725
_d167725